000 00678nam a2200205 a 4500
005 20240919063916.0
008 991125s1972 ea 000 0 eng u
035 _aUPN01000000205
049 _aCG
050 4 _aHF5381.7
_bS3.2
100 1 _aSchwarz, Paul A.
245 1 0 _aAbility testing in developing countries :
_ba handbook of principles and techniques /
_cPaul A. Schwarz, Robert E. Krug.
260 _aNew York :
_bPraeger,
_c1972.
300 _a224 p.
440 0 _aPraeger special studies in international economy and development
650 4 _aPruebas de aptitud
_91418
651 4 _aPaĆ­ses en desarrollo
_96572
700 1 _aKrug, Robert E.,
_ecoaut.
905 _aLibro
999 _c205
_d205